000
00435nam a2200145Ia 4500
008
100204s9999 xx 000 0 und d
082
_b
24929
100
_a
पै शिरिष
245
_a
हाती शिल्लक
260
_b
"अनुभव प्रकाशन, मुं."
_c
2001
300
_a
240
630
_a
हाती शिल्लक
730
_a
हाती शिल्लक
942
_c
BOOK
999
_c
470109
_d
470106